000 00419nam a2200157Ia 4500
008 241127s9999||||xx |||||||||||||| ||und||
020 _a9780859500975
_c9898
040 _beng
_cSSK Library
_erda
082 _a515.185/BOS
100 _a L. Bostock, S. Chandler
245 0 _aPure Mathematics 2
260 _b Stanley Thornes (Publishers) Ltd
_c©1979
942 _22ddc
_cBOOK
_nNo
999 _c8428
_d8428
003 OSt
005 20241127152743.0